[Event "Canadian op"]
[Site "Edmonton"]
[Date "2009.07.18"]
[Round "8"]
[White "Medvedev, Genadi"]
[Black "Huang, Zhonglin"]
[Result "1-0"]
[WhiteElo "1702"]
[BlackElo "1515"]
[PlyCount "45"]
[EventDate "2009.07.11"]
[EventType "swiss"]
[EventRounds "9"]
[EventCountry "CAN"]
[SourceTitle "CBM 132 Extra"]
[Source "ChessBase"]
[SourceDate "2009.11.03"]
[SourceVersion "1"]
[SourceVersionDate "2009.11.03"]
[SourceQuality "1"]

1. e4 c5 2. Nf3 Nc6 3. Bc4 e6 4. 0-0 d5 5. exd5 exd5 6. Re1+ Be7 7. Bb5 a6 8. Bxc6+ bxc6 9. d3 Nf6 10. Bg5 0-0 11. c3 Bg4 12. Nbd2 Qd7 13. Qa4 Bd6 14. Bxf6 gxf6 15. h3 Bxh3 16. gxh3 c4 17. Kf1 Rfe8 18. Ng1 Qf5 19. Qc2 Bg3 20. Ndf3 cxd3 21. Qa4 Rxe1+ 22. Rxe1 d2 23. Rd1 1-0

[Event "Canadian op"]
[Site "Edmonton"]
[Date "2009.07.15"]
[Round "5.94"]
[White "Huang, Zhonglin"]
[Black "Situ, Dennis"]
[Result "1-0"]
[WhiteElo "1515"]
[BlackElo "1388"]
[PlyCount "64"]
[EventDate "2009.07.11"]
[EventType "swiss"]
[EventRounds "9"]
[EventCountry "CAN"]
[SourceTitle "EXT 2022"]
[Source "ChessBase"]
[SourceDate "2021.10.06"]
[SourceVersion "1"]
[SourceVersionDate "2021.10.06"]
[SourceQuality "1"]

1. e4 e5 2. Nf3 Nc6 3. Bb5 a6 4. Ba4 b5 5. Bb3 Nf6 6. 0-0 Be7 7. Re1 0-0 8. c3 Bb7 9. d4 Bd6 10. Bg5 h6 11. Bc1 Qe7 12. Bc2 Rfe8 13. b3 b4 14. d5 Na7 15. c4 c5 16. Kh1 Bc7 17. Rg1 d6 18. g4 Nh7 19. g5 hxg5 20. Nxg5 Nxg5 21. Bxg5 Qd7 22. Bf6 g6 23. Qd2 Bd8 24. Bxd8 Rexd8 25. Nc3 Qe8 26. Ne2 Bc8 27. Ng3 Bg4 28. Bd1 Bxd1 29. Raxd1 Qf8 30. Nh5 Kh8 31. Nf6 Qg7 32. Qg5 Qf8 1-0

[Event "Canadian op"]
[Site "Edmonton"]
[Date "2009.07.14"]
[Round "4.86"]
[White "Fokkema, Jerred"]
[Black "Huang, Zhonglin"]
[Result "1-0"]
[WhiteElo "1864"]
[BlackElo "1515"]
[PlyCount "41"]
[EventDate "2009.07.11"]
[EventType "swiss"]
[EventRounds "9"]
[EventCountry "CAN"]
[SourceTitle "EXT 2022"]
[Source "ChessBase"]
[SourceDate "2021.10.06"]
[SourceVersion "1"]
[SourceVersionDate "2021.10.06"]
[SourceQuality "1"]

1. e4 c5 2. Nf3 Nc6 3. d4 cxd4 4. Nxd4 Nf6 5. Nc3 g6 6. Be3 Bg7 7. Be2 d6 8. f3 Bd7 9. Qd2 0-0 10. 0-0-0 b5 11. h4 b4 12. Nd5 Qa5 13. Nxc6 Qxa2 14. Ncxe7+ Kh8 15. Qd3 Nxd5 16. Nxd5 Bxb2+ 17. Kd2 Bc3+ 18. Nxc3 bxc3+ 19. Ke1 Qa3 20. Bh6 Rfd8 21. Qd4+ 1-0